000 00732nam a2200181 a 4500
001 000036231
005 20200930075628.0
008 120111s1987 cl 000 0 spa d
040 _aDO-SdBNP
_bspa
_cBNPHU
245 0 3 _aLa industria farmacéutica y farmoquímica :
_bdesarrollo histórico y posibilidades futuras ; Argentina, Brasil y México.
260 _aBuenos Aires :
_bComisión Económica para América Latina y El Caribe,
_c1987.
300 _a177 p. ;
_c23 cm.
490 0 _aEstudios e informes de la CEPAL ;
_v65
650 2 4 _aIndustria farmacéutica
_zArgentina
_962306
650 2 4 _aIndustria farmacéutica
_zBrasil
_962307
650 2 4 _aIndustria farmacéutica
_zMéxico
_962308
650 2 4 _aIndustria farmoquímica
_962309
999 _c35722
_d35722